Economic theory and capitalist society / (Record no. 2075)

MARC details
000 -LEADER
fixed length control field 00713pam a2200217 4500
001 - CONTROL NUMBER
control field 2610
005 - DATE AND TIME OF LATEST TRANSACTION
control field 20181127165349.0
008 - FIXED-LENGTH DATA ELEMENTS--GENERAL INFORMATION
fixed length control field 940125s1994 enka 000 0 eng
010 ## - LIBRARY OF CONGRESS CONTROL NUMBER
LC control number 94003919
020 ## - INTERNATIONAL STANDARD BOOK NUMBER
International Standard Book Number 1858980224
100 1# - MAIN ENTRY--PERSONAL NAME
Personal name Tsuru, Shigeto,
Dates associated with a name 1912-
245 10 - TITLE STATEMENT
Title Economic theory and capitalist society /
Statement of responsibility, etc. Shigeto Tsuru.
260 ## - PUBLICATION, DISTRIBUTION, ETC.
Place of publication, distribution, etc. Aldershot, Hants., England :
Name of publisher, distributor, etc. E. Elgar,
Date of publication, distribution, etc. c1994.
300 ## - PHYSICAL DESCRIPTION
Extent xxxi, 390 p. :
Other physical details ill. ;
Dimensions 24 cm.
440 #0 - SERIES STATEMENT/ADDED ENTRY--TITLE
Title Economists of the twentieth century
490 1# - SERIES STATEMENT
Series statement The selected essays of Shigeto Tsuru ;
Volume/sequential designation v. 1
650 #0 - SUBJECT ADDED ENTRY--TOPICAL TERM
Topical term or geographic name entry element Economic development.
Topical term or geographic name entry element Economics.
Topical term or geographic name entry element Environmental policy.
800 1# - SERIES ADDED ENTRY--PERSONAL NAME
Personal name Tsuru, Shigeto,
Dates associated with a name 1912-
Title of a work Essays.
Form subheading Selections ;
Volume/sequential designation v. 1.
Holdings
Withdrawn status Lost status Source of classification or shelving scheme Damaged status Not for loan Collection code Home library Current library Shelving location Date acquired Serial Enumeration / chronology Inventory number Total Checkouts Full call number Barcode Date last seen Date last checked out Price effective from Koha item type
    Dewey Decimal Classification     Main TEST RTC Library RTC Library Main opac 19/08/2022 1507 1 330.1 TSU 30000610 01/09/2022 19/08/2022 27/11/2018 Main
Royal Thimphu College || All Right Reserved